000 00818nam a22002657a 4500
003 OSt
005 20220107122714.0
008 130525b xxu||||| |||| 00| 0 eng d
020 _a9788131774250
040 _cIIITM-K
082 _a006.76P HAL/E
100 _aHall, Joseph N
_9547
245 _aEffective Perl programming:
_bWays to write better,more idiomatic Perl
_cby Joseph N Hall, Joshua A McAdams, Brian d Foy
250 _a2nd ed.
260 _aNew Delhi,
_bPearson,
_c2012.
300 _axix, 473p.
440 _aEffective Software Development Series
_9548
650 _aCOMPUTER SCIENCE
_9549
650 _aCOMPUTER PROGRAMMING
_9550
650 _aPROGRAMMING LANGUAGE
_9551
650 _aPERL PROGRAMMING
_9552
700 _aMcAdams, Joshua A
_9554
700 _aD Foy, Brian
_9555
942 _2ddc
_cBK
999 _c3009
_d3009